| 000 | 00489nam a2200205Ia 4500 | ||
|---|---|---|---|
| 003 | OSt | ||
| 005 | 20140318093711.0 | ||
| 008 | 140130s9999 xx 000 0 und d | ||
| 020 | _a0590453432 | ||
| 050 |
_aPZ 7 _b.St783 1977 |
||
| 100 | _aStamper, J.B. | ||
| 245 |
_aTales for the midnight hour / _cStamper, J.B. |
||
| 260 |
_bScholastic, _a1977. _cNew York : |
||
| 300 |
_a124 p. : _c17 cm. |
||
| 440 | _v1 | ||
| 521 | _aG4 | ||
| 526 | _c650 | ||
| 942 |
_cBK _2lcc |
||
| 999 |
_c40874 _d40874 |
||